{"text_format":"3","workbook":"xlsx","n_sheets":1,"sheets":["Sheet1 (2)"],"not_rendered":{"defined_names":1},"read":"whole","date_system":"1900"}

{"sheet":"Sheet1 (2)","index":0,"n_rows":74,"n_cols":5,"rows_kept":74,"merged":[[0,0,1,0],[0,1,1,1],[0,2,1,2],[0,3,1,3],[0,4,1,4]]}
["品名","单位","预估数量","未税单价限价","未税总价"]
[]
["透明胶带-PE管 W60MM*L50Y","卷",296,{"v":3.7,"d":"3.70"},{"v":1095.2,"d":"1,095.20"}]
["双面胶带 W10MM*L33M","卷",204,{"v":3.4,"d":"3.40"},{"v":693.6,"d":"693.60"}]
["地板胶带 W50MM*L33M  黄","卷",{"v":1298,"d":"1,298"},{"v":8.9,"d":"8.90"},{"v":11552.2,"d":"11,552.20"}]
["地板胶带 W50MM*L33M  红","卷",{"v":1046,"d":"1,046"},{"v":8.9,"d":"8.90"},{"v":9309.4,"d":"9,309.40"}]
["地板胶带 W50MM*L33M  绿","卷",726,{"v":8.9,"d":"8.90"},{"v":6461.4,"d":"6,461.40"}]
["地板胶带 W50MM*L33M  蓝","卷",222,{"v":8.9,"d":"8.90"},{"v":1975.8,"d":"1,975.80"}]
["耐热胶带-金黄色 .6MM*W12MM*L33M","卷",84,{"v":6.8,"d":"6.80"},{"v":571.2,"d":"571.20"}]
["耐热胶带-金黄色 0.06MM*W30MM*L33M","卷",120,{"v":15,"d":"15.00"},{"v":1800,"d":"1,800.00"}]
["斑马胶带-PE管 50MM*50M","卷",546,{"v":9,"d":"9.00"},{"v":4914,"d":"4,914.00"}]
["耐高温胶带 0.06MM*12MM*33M","卷",36,{"v":7,"d":"7.00"},{"v":252,"d":"252.00"}]
["透明封箱胶带 L500000*W60MM","卷",440,19.44,{"v":8553.6,"d":"8,553.60"}]
["美纹胶带 1.2CM*20M","卷",32,{"v":2,"d":"2.00"},{"v":64,"d":"64.00"}]
["碳带 W110MM*L300M","卷",214,{"v":38.5,"d":"38.50"},{"v":8239,"d":"8,239.00"}]
["棉花棒-棉头细纸身","盒",20,{"v":67,"d":"67.00"},{"v":1340,"d":"1,340.00"}]
["3M菜瓜布 W120MM*L200MM","个",{"v":1080,"d":"1,080"},{"v":2.5,"d":"2.50"},{"v":2700,"d":"2,700.00"}]
["脚踏黏垫 24”*36” 30PC","包",{"v":2720,"d":"2,720"},{"v":11.8,"d":"11.80"},{"v":32096,"d":"32,096.00"}]
["1000级无尘擦拭布 300*300MM","片",{"v":67200,"d":"67,200"},0.29,{"v":19488,"d":"19,488.00"}]
["100级无尘擦拭布 228*228MM","片",{"v":1044960,"d":"1,044,960"},0.54,{"v":564278.4,"d":"564,278.40"}]
["1000级无尘布-地板清洁用 W200MM*L650MM 25PC","包",{"v":2600,"d":"2,600"},{"v":21,"d":"21.00"},{"v":54600,"d":"54,600.00"}]
["活性碳口罩 50PC","包",{"v":1128,"d":"1,128"},{"v":15,"d":"15.00"},{"v":16920,"d":"16,920.00"}]
["抛弃式口罩 50PC","包",{"v":18942,"d":"18,942"},7.95,{"v":150588.9,"d":"150,588.90"}]
["条码标签纸 100*90MM","卷",120,{"v":34,"d":"34.00"},{"v":4080,"d":"4,080.00"}]
["标签纸 W60MM*L30MM","卷",60,{"v":13,"d":"13.00"},{"v":780,"d":"780.00"}]
["条形码标签-收料用 W110MM*L170MM","卷",16,{"v":41.5,"d":"41.50"},{"v":664,"d":"664.00"}]
["标签纸 W30MM*L50MM","卷",2,{"v":13,"d":"13.00"},{"v":26,"d":"26.00"}]
["标签纸 W60MM*L30MM","卷",2,{"v":13,"d":"13.00"},{"v":26,"d":"26.00"}]
["标签纸 W50MM*L30MM","卷",2,{"v":13,"d":"13.00"},{"v":26,"d":"26.00"}]
["PVC手套 12” 500PR  S码","箱",2,{"v":550,"d":"550.00"},{"v":1100,"d":"1,100.00"}]
["PVC手套 12” 500PR  M码","箱",279,{"v":550,"d":"550.00"},{"v":153450,"d":"153,450.00"}]
["PVC手套 12” 500PR  L码","箱",{"v":1613,"d":"1,613"},{"v":550,"d":"550.00"},{"v":887150,"d":"887,150.00"}]
["PVC手套 12” 500PR  XL码","箱",228,{"v":550,"d":"550.00"},{"v":125400,"d":"125,400.00"}]
["棉纱手套","双",{"v":2702,"d":"2,702"},0.79,{"v":2134.58,"d":"2,134.58"}]
["防护手套","双",123,{"v":85,"d":"85.00"},{"v":10455,"d":"10,455.00"}]
["乳胶手套  S码","双",{"v":1260,"d":"1,260"},1.79,{"v":2255.4,"d":"2,255.40"}]
["乳胶手套  M码","双",{"v":31916,"d":"31,916"},1.79,{"v":57129.64,"d":"57,129.64"}]
["乳胶手套  L码","双",{"v":207194,"d":"207,194"},1.79,{"v":370877.26,"d":"370,877.26"}]
["乳胶手套 加厚款 L码","双",{"v":67600,"d":"67,600"},{"v":2.4,"d":"2.40"},{"v":162240,"d":"162,240.00"}]
["防静电手套  M码","双",264,{"v":2.1,"d":"2.10"},{"v":554.4,"d":"554.40"}]
["防静电手套  L码","双",{"v":1260,"d":"1,260"},{"v":2.1,"d":"2.10"},{"v":2646,"d":"2,646.00"}]
["黑色防静电手指套","包",60,{"v":31.9,"d":"31.90"},{"v":1914,"d":"1,914.00"}]
["超厚型耐酸硷手套 橙色 50双/包","包",88,{"v":120,"d":"120.00"},{"v":10560,"d":"10,560.00"}]
["丁晴手套 CRN-100级 12寸 白色","双",36,{"v":2.1,"d":"2.10"},{"v":75.6,"d":"75.60"}]
["抛弃式鞋套 50PC","包",732,{"v":5,"d":"5.00"},{"v":3660,"d":"3,660.00"}]
["抛弃式发帽 100PC","包",{"v":4628,"d":"4,628"},{"v":10,"d":"10.00"},{"v":46280,"d":"46,280.00"}]
["水桶 20L","个",42,{"v":8.8,"d":"8.80"},{"v":369.6,"d":"369.60"}]
["无尘擦拭布 800*500MM 100级","片",{"v":3360,"d":"3,360"},{"v":5,"d":"5.00"},{"v":16800,"d":"16,800.00"}]
["花王厨房清洁剂 500ML","个",248,{"v":40,"d":"40.00"},{"v":9920,"d":"9,920.00"}]
["防水袖套 37CM PVC","双",100,{"v":5,"d":"5.00"},{"v":500,"d":"500.00"}]
["连体服","件",{"v":1715,"d":"1,715"},{"v":53.5,"d":"53.50"},{"v":91752.5,"d":"91,752.50"}]
["长筒无尘鞋","双",528,{"v":30.3,"d":"30.30"},{"v":15998.4,"d":"15,998.40"}]
["长筒安全鞋","双",{"v":1210,"d":"1,210"},{"v":90,"d":"90.00"},{"v":108900,"d":"108,900.00"}]
["拖把-除尘","个",10,{"v":71,"d":"71.00"},{"v":710,"d":"710.00"}]
["无尘拖把","个",15,{"v":24.5,"d":"24.50"},{"v":367.5,"d":"367.50"}]
["地板清洁剂 JB-112 1GL/TK","桶",4,{"v":21,"d":"21.00"},{"v":84,"d":"84.00"}]
["全身防水面料围裙","个",16,{"v":18,"d":"18.00"},{"v":288,"d":"288.00"}]
["衣架 42CM ","个",40,{"v":3.8,"d":"3.80"},{"v":152,"d":"152.00"}]
["洗手液 500ML 瓶装 按压式","个",29,{"v":15.2,"d":"15.20"},{"v":440.8,"d":"440.80"}]
["破布","公斤",5,{"v":4.2,"d":"4.20"},{"v":21,"d":"21.00"}]
["清洁布 10MM*50M*0.4MM","卷",4,{"v":42,"d":"42.00"},{"v":168,"d":"168.00"}]
["扫把-尼龙","个",22,{"v":5,"d":"5.00"},{"v":110,"d":"110.00"}]
["大号防化垃圾袋 910MM*1520MM 50个/包","个",32,{"v":15,"d":"15.00"},{"v":480,"d":"480.00"}]
["中号防化垃圾袋 850MM*1200MM 100个/包","个",60,{"v":13,"d":"13.00"},{"v":780,"d":"780.00"}]
["小号防化垃圾袋 490MM*760MM 50个/包","个",132,{"v":5.2,"d":"5.20"},{"v":686.4,"d":"686.40"}]
["大卷工业擦拭布250MM*380MM(白色) 500PC/RL","卷",20,{"v":94,"d":"94.00"},{"v":1880,"d":"1,880.00"}]
["4层感压纸 W120MM*L180MM","张",{"v":4000,"d":"4,000"},{"v":0.5,"d":"0.50"},{"v":2000,"d":"2,000.00"}]
["防滑吸水脚垫 50*80cm","个",8,{"v":23,"d":"23.00"},{"v":184,"d":"184.00"}]
["畚斗-塑料制","个",25,{"v":5,"d":"5.00"},{"v":125,"d":"125.00"}]
["PVC尘网袋 17寸挎包 背带包","个",24,{"v":29.8,"d":"29.80"},{"v":715.2,"d":"715.20"}]
["复印纸 A4 500张/包","包",240,{"v":18,"d":"18.00"},{"v":4320,"d":"4,320.00"}]
["橡胶雨鞋","双",22,{"v":23,"d":"23.00"},{"v":506,"d":"506.00"}]
["反光雨衣 YHM_62005","件",28,{"v":75,"d":"75.00"},{"v":2100,"d":"2,100.00"}]
[{"$nulls":4},{"v":3001334.98,"d":"3,001,334.98"}]